Flagi państw w 1912r. - Statystyki

Ogólne statystyki
  • Ten quiz został rozwiązany 13 razy
  • Średni wynik to 53 z 67
Statystyki odpowiedzi
Obrazkowy Odpowiedź % Poprawnych
Albania
100%
Andora
100%
Argentyna
100%
Australia
100%
Belgia
100%
Brazylia
100%
Chile
100%
Ekwador
100%
Afganistan
90%
Austro-Węgry
90%
Boliwia
90%
Bułgaria
90%
Cesarstwo Niemieckie
90%
Czarnogóra
90%
Dania
90%
Dominikana
90%
Dynastia Qing
90%
Francja
90%
Haiti
90%
Etiopia
80%
Grecja
80%
Gwatemala
80%
Hiszpania
80%
Holandia
80%
Honduras
80%
Imperium Osmańskie
80%
Imperium Rosyjskie
80%
Japonia
80%
Kanada
80%
Kolumbia
80%
Kostaryka
80%
Kuba
80%
Liberia
80%
Luksemburg
80%
Meksyk
80%
Monako
80%
Nikaragua
80%
Norwegia
80%
Nowa Zelandia
80%
Oman-Maskat
80%
Panama
80%
Paragwaj
80%
Persja
80%
Peru
80%
Portugalia
80%
Rumunia
80%
Salwador
80%
San Marino
80%
Serbia
80%
Stany Zjednoczone
80%
Szwajcaria
80%
Szwecja
80%
Urugwaj
80%
Wenezuela
80%
Wielka Brytania
80%
Włochy
80%
Związek Południowej Afryki
80%
Liechtenstein
70%
Syjam
70%
Tybet
70%
Maroko
60%
Mongolia
60%
Kreta
30%
Darfur
20%
Hidżaż
20%
Rijad
10%
Shammar
10%
Nie znaleziono quizów pasujących do podanych kryteriów
Rozkład punktacji
Procent ludzi z każdym wynikiem
Percentyl według liczby udzielonych odpowiedzi
Twoja historia wyników
Nie rozwiązałeś tego quizu